| 000 | 00912nam a2200301Ia 4500 | ||
|---|---|---|---|
| 001 | 57416 | ||
| 003 | IT-RoPAU | ||
| 008 | 130308s9999 xx 000 0 und d | ||
| 040 | _aIT-RoPAU | ||
| 040 | _cIT-RoPAU | ||
| 041 | _aINGLESE | ||
| 100 | _aDanielou Jean | ||
| 100 | _gCodice Aut. SPICS: 17590 | ||
| 245 | _aCrisis in Intelligence (The) | ||
| 245 | _bMedia Of Communication-Art And Morals | ||
| 250 | _a1a ed. | ||
| 260 | _aLONDON | ||
| 260 | _bSociety Of St Paul | ||
| 260 | _c1970 [1° Ed.:1970 - Ed.Ling.Originale:1970] | ||
| 300 | _a"43 p. (prefazione: 6; testo: 37 [pagine: 75-111])" | ||
| 500 | _aCrisi dell'Intelligenza Scienza e Cultura Relativismo e soggettivismo Crisi di Confidenza Responsabilità degli Intellettuali | ||
| 650 | _aCOMMENTI AI DOCUMENTI ECCLESIASTICI | ||
| 650 | _eCodice materia Spics: 9102 | ||
| 942 | _cBK | ||
| 957 | _71 | ||
| 999 |
_c63103 _d63103 |
||
| 999 | _bSI | ||
| 999 | _g1 | ||